000 01111nam a22002535i 4500
001 176908
003 ES-MaACL
005 20250807061406.0
008 110217s1970 sp |||| | spa d
080 _a94(460.411)"1518/1525"(093)
110 1 _aTenerife.
_bCabildo Insular.
_96938
245 1 0 _aAcuerdos del Cabildo de Tenerife.
_nIV,
_p1518-1525
_b: con dos apéndices de documentos sobre el gobierno de las Islas /
_cedición y estudio de Elías Serra Ráfols y Leopoldo de la Rosa.
260 _aSan Cristóbal de La Laguna, Isla de Tenerife :
_b[Instituto de Estudios Canarios],
_c1970.
300 _aLI, 346 p. ;
_c28 cm.
490 1 _aFontes rerum Canarium : colección de textos y documentos para la historia de Canarias ;
_v16
500 _aÍndice.
651 4 _aTenerife-
_xHistoria-
_vFuentes.
_9145253
700 0 _aSerra Ràfols, Elías.
_9105653
700 0 _aRosa Olivera, Leopoldo de la.
_999618
710 2 _aInstituto de Estudios Canarios.
_94891
830 0 0 _aFontes rerum Canariarum
_v16
_9190299
852 _aES-MaACL
_jE-14344
_xOlim P-648
999 _c176908
_d176908